Statistiques concernant Les champions olympiques français aux jeux d'été

Cliquez ici pour prendre le quiz!

Statistiques générales

  • Ce quiz a été pris 79 fois
  • Le résultat moyen est 45 sur 462

Statistiques - réponses

IndicesMédaillé(e)% Correct
2012 Judo | 2016 Judo | 2020 JudoTeddy Riner
84%
2004 NatationLaure Manaudou
73%
2012 NatationFlorent Manaudou
68%
2000 Canoé-Kayak | 2004 Canoé-Kayak | 2012 Canoé-KayakTony Estanguet
68%
2008 Handball | 2012 Handball | 2020 HandbalLNikola Karabatic
66%
1996 Judo | 2000 JudoDavid Douillet
63%
2016 BoxeTony Yoka
58%
2012 NatationYannick Agnel
58%
2008 Natation | 2012 NatationAlain Bernard
56%
2012 AthlétismeRenaud Lavillenie
56%
2008 Handball | 2012 HandballThierry Omeyer
55%
2008 HandballLuc Aballo
53%
2012 Handball | 2020 HandbalLLuc Abalo
52%
1992 Athlétisme | 1996 AthlétismeMarie José Pérec
50%
2012 NatationCamille Muffat
48%
2020 JudoClarisse Agbégnénou
48%
2016 BoxeEstelle Mossely
48%
2020 HandbalLLuka Karabatic
47%
2020 Volley-ballEarvin Ngapeth
45%
1996 EscrimeLaura Flessel
42%
2008 Handball | 2012 HandballDaniel Narcisse
37%
2012 NatationFabien Gilot
34%
2012 NatationJérémy Stravius
34%
2020 HandbalLVincent Gérard
34%
2008 Handball | 2012 HandballDidier Dinart
32%
1984 Escrime | 1988 EscrimeJean François Lamour
32%
2012 NatationAmaury Leveaux
31%
2000 BoxeBrahim Asloum
31%
1996 Cyclisme | 2000 CyclismeFlorian Rousseau
31%
2008 Handball | 2012 HandballGuillaume Gille
31%
2012 JudoLucie Décosse
31%
2008 Handball | 2012 Handball | 2020 HandbalLMichaël Guigou
31%
2020 KaratéSteven Da Costa
31%
2020 HandbalLLudovic Fabregas
29%
2008 Handball | 2012 HandballBertrand Gille
27%
2016 JudoEmilie Andéol
27%
2004 GymnastiqueEmilie Le Pennec
27%
1976 AthlétismeGuy Drut
27%
1996 CyclismeJeannie Longo
27%
2020 Volley-ballKevin Tillie
27%
2020 EscrimeRomain Cannone
27%
2020 HandbalLValentin Porte
27%
1996 AthlétismeJean Galfione
26%
2008 Handball | 2012 HandballJérôme Fernandez
26%
2004 Cyclisme | 2008 CyclismeJulien Absalon
26%
1956 AthlétismeAlain Mimoun
24%
2012 NatationClément Lefert
24%
2020 HandbalLCléopatre Darleux
24%
1968 AthlétismeColette Besson
24%
2020 EscrimeEnzo Lefort
24%
2020 Volley-ballJean Patry
24%
1952 NatationJean Boiteux
23%
2012 CyclismeJulie Bresset
23%
2016 VoileCharline Picon
21%
2020 HandbalLDika Mem
21%
2012 Canoé-KayakEmilie Fer
21%
1996 Cyclisme | 2000 CyclismeFélicia Ballanger
21%
2020 Volley-ballNicolas Le Goff
21%
2000 Escrime | 2004 EscrimeBrice Guyart
19%
2012 HandballCédric Sorhaindo
19%
2008 Handball | 2012 HandballDaouda Karaboué
19%
1948 AthlétismeMicheline Ostermeyer
19%
1984 AthlétismePierre Quinon
19%
2000 CyclismeArnaud Tournant
18%
2020 HandbalLMelvyn Richardson
18%
2020 HandbalLNedim Rémili
18%
1992 Tir à l'arcSébastien Flute
18%
2012 HandballXavier Barachet
18%
2020 Volley-ballAntoine Brizard
16%
2020 HandbalLHugo Descat
16%
2020 HandbalLKentin Mahé
16%
2020 JudoRomane Dicko
16%
1980 JudoThierry Rey
16%
2012 HandballWilliam Accambray
16%
1980 JudoAngelo Parisi
15%
1988 EquitationPierre Durand
15%
2008 LutteSteeve Guénot
15%
2020 HandbalLAlexandra Lacrabère
13%
2020 HandbalLAmandine Leynaud
13%
2016 EquitationAstier Nicolas
13%
1984 FootballDaniel Xuereb
13%
1996 JudoDjamel Bouras
13%
2016 EquitationKevin Staut
13%
2000 CyclismeLaurent Gané
13%
2020 JudoSarah-Léonie Cysique
13%
2000 JudoSéverine Vandenhende
13%
2016 EscrimeYannick Borel
13%
1900 RugbyA Albert
11%
2020 HandbalLAllison Pineau
11%
2020 JudoAxel Clerget
11%
1948 Escrime | 1952 Escrime | 1956 EscrimeChristian Jonquères d'Oriola
11%
1968 Cyclisme | 1972 CyclismeDaniel Morelon
11%
2016 Canoé-KayakDenis Gargaud Chanut
11%
2020 AvironHugo Boucheron
11%
1996 TirJean Pierre Amat
11%
1996 JudoMarie Claire Restoux
11%
2008 HandballOlivier Girault
11%
1980 Escrime | 1984 EscrimePhilippe Boisse
11%
1952 Equitation | 1964 EquitationPierre Jonquères d'Oriola
11%
1984 FootballAlbert Rust
10%
2008 CyclismeAnne Caroline Chausson
10%
2020 Volley-ballBarthélémy Chinenyeze
10%
2020 HandbalLBéatrice Edwige
10%
2020 Volley-ballBenjamin Toniutti
10%
1992 JudoCécile Nowak
10%
2020 EscrimeErwann Le Péchoux
10%
1984 FootballGuy Lacombe
10%
2020 AvironMatthieu Androdias
10%
1992 EscrimePhilippe Omnès
10%
2016 EquitationPhilippe Rozier
10%
2020 HandbalLRomain Lagarde
10%
2020 Volley-ballTrévor Clévenot
10%
1996 Canoë-KayakWilfrid Forgues
10%
2004 EscrimeDamien Touya
8%
1984 FootballDominique Bijotat
8%
1988 Escrime | 1992 EscrimeEric Srecki
8%
2004 Escrime | 2008 EscrimeFabrice Jeannet
8%
1996 Canoë-KayakFranck Adisson
8%
2016 EscrimeGauthier Grumier
8%
2020 HandbalLGrâce Zaadi
8%
2012 HandballGuillaume Joli
8%
2004 EscrimeHugues Obry
8%
2020 TirJean Quicampoix
8%
2020 Volley-ballJenia Grebennikov
8%
2016 AvironJérémie Azou
8%
2020 HandbalLLaura Flippes
8%
1988 JudoMarc Alexandre
8%
2000 CyclismeMiguel Martinez
8%
2020 HandbalLNicolas Tournat
8%
2004 EquitationNicolas Touzaint
8%
2020 HandbalLPauletta Foppa
8%
2016 EquitationPénélope Leprevost
8%
2016 AvironPierre Houin
8%
1992 JudoCatherine Fleury
6%
2020 HandbalLChloé Valentini
6%
2020 JudoGuillaume Chaine
6%
1976 EquitationMarcel Rozier
6%
1996 CyclismeNathalie Even
6%
1968 CyclismePierre Trentin
6%
2012 HandballSamuel Honrubia
6%
2020 Volley-ballStephen Boyer
6%
1920 TennisSuzanne Lenglen
6%
2020 Volley-ballYacine Louati
6%
2020 HandbalLYann Genty
6%
1900 AvironCharlot
5%
2020 HandbalLCoralie Lassource
5%
2000 TirFranck Dumoulin
5%
2004 Escrime | 2008 EscrimeJérôme Jeannet
5%
2016 EquitationKarim Laghouag
5%
2020 EscrimeMaxime Pauty
5%
2016 EquitationRoger Yves Bost
5%
2020 HandbalLTimothey N'Guessan
5%
1996 EscrimeValérie Barlois
5%
1928 AthlétismeBoughéra El Ouafi
3%
2008 HandballCédric Paty
3%
1932 LutteCharles Pacôme
3%
2016 EscrimeDaniel Jérent
3%
2004 EscrimeErik Boisse
3%
1984 FootballFrançois Brisson
3%
2016 EscrimeJean Michel Lucenay
3%
1984 FootballJean Philippe Rohr
3%
2008 HandballJoël Abati
3%
1920 AthlétismeJoseph Guillemot
3%
1984 FootballJosé Touré
3%
2004 Escrime | 2008 EscrimeJulien Pillet
3%
1924 Escrime | 1928 EscrimeLucien Gaudin
3%
2020 HandbalLMéline Nocandy
3%
1984 FootballMichel Bensoussan
3%
2008 EscrimeNicolas Lopez
3%
1924 Escrime | 1932 EscrimePhilippe Cattiau
3%
1980 Escrime | 1988 EscrimePhilippe Riboud
3%
2004 AvironSébastien Vieilledent
3%
1984 FootballWilliam Ayache
3%
2004 AvironAdrien Hardy
2%
1920 EscrimeArmand Massard
2%
2004 Canoé-KayakBenoît Peschier
2%
1952 AvironBernard Malivoire
2%
2020 HandbalLBlandine Dancette
2%
2008 EscrimeBoris Sanson
2%
1980 EscrimeBruno Boscherie
2%
2008 HandballCédric Burdet
2%
1900 NatationCharles Devendeville
2%
1924 HaltérophilieCharles Rigoulot
2%
2008 HandballChristophe Kempé
2%
2004 EquitationDidier Courrèges
2%
1980 EscrimeDidier Flament
2%
1900 EscrimeEmile Coste
2%
1992 VoileFranck David
2%
1980 EscrimeFrédéric Pietruszka
2%
2004 EscrimeGaël Touya
2%
1908 EscrimeGaston Alibert
2%
1900 EscrimeGeorges de La Falaise
2%
1936 CyclismeGuy Lapébie
2%
1980 EscrimeHubert Gardas
2%
1976 EquitationHubert Parot
2%
2000 AvironJean Christophe Rolland
2%
1984 FootballJean Claude Lemoult
2%
1984 FootballJean Louis Zanon
2%
2004 EquitationJean Teulère
2%
2020 EscrimeJulien Mertine
2%
2020 HandbalLKalidiatou Niakaté
2%
1932 Haltérophilie | 1936 HaltérophilieLouis Hostin
2%
1900 EscrimeLucien Mérignac
2%
1920 TennisMax Decugis
2%
1984 FootballMichel Bibard
2%
1980 EscrimeMichel Salesse
2%
1900 AthlétismeMichel Théato
2%
2020 HandbalLOcéane Sercien Ugolin
2%
1980 EscrimePascale Trinquet
2%
1980 EscrimePascal Jolyot
2%
1912 TirPaul Colas
2%
2020 HandbalLPauline Coatanea
2%
1980 EscrimePhilippe Bonnin
2%
1984 FootballPhilippe Jeannol
2%
1924 EscrimeRoger Ducret
2%
1996 EscrimeSophie Moressée Pichot
2%
1988 VoileThierry Péponnet
2%
1932 EquitationXavier Lesage
2%
1900 TirAchille Paroche
0%
1920 CyclismeAchille Souchard
0%
1948 Escrime | 1952 EscrimeAdrien Rommel
0%
1900 EscrimeAlbert Ayat
0%
1924 Water poloAlbert Deborgies
0%
1924 Water poloAlbert Mayaud
0%
1900 RugbyAlbert Roosevelt
0%
1924 GymnastiqueAlbert Séguin
0%
1908 Escrime | 1924 EscrimeAlexandre Lippmann
0%
1900 RugbyAlexandre Pharamond
0%
1912 VoileAmédé Thubé
0%
1908 CyclismeAndré Auffray
0%
1948 EscrimeAndré Bonin
0%
1928 VoileAndré Derrien
0%
1912 TennisAndré Gobert
0%
1932 Equitation | 1948 EquitationAndré Jousseaume
0%
1924 EscrimeAndré Labatut
0%
1928 VoileAndré Lesauvage
0%
1900 RugbyAndré Rischmann
0%
1924 CyclismeArmand Blanchonnet
0%
2004 EquitationArnaud Boiteau
0%
1956 CyclismeArnaud Geyre
0%
1900 RugbyAuguste Giroux
0%
1948 EquitationBernard Chevalier
0%
1908 EscrimeBernard Gravier
0%
1932 EscrimeBernard Schmetz
0%
1980 EscrimeBrigitte Gaudin
0%
1928 VoileCar de la Sablière
0%
2004 EquitationCédric Lyard
0%
1908 EscrimeCharles Collignon
0%
1948 CyclismeCharles Coste
0%
1900 RugbyCharles Gondouin
0%
1932 EquitationCharles Marion
0%
1900 CroquetChrétien Waydelich
0%
1968 EscrimeChristian Noël
0%
1980 EscrimeChristine Muzio
0%
1996 CyclismeChristophe Capelle
0%
1952 EscrimeClaude Netter
0%
1900 RugbyConstantin Henriquez
0%
1968 CyclismeDaniel Rebillard
0%
1968 EscrimeDaniel Revenu
0%
2020 Volley-ballDaryl Buttor
0%
1984 FootballDidier Sénac
0%
1900 EquitationDominique Maximien Gardères
0%
1928 VoileDonatien Bouché
0%
1924 HaltérophilieEdmond Decottignies
0%
1948 EscrimeEdouard Artigas
0%
1932 EscrimeEdward Gardère
0%
1900 VoileEmile Billard
0%
1900 AvironEmile Delchambre
0%
1900 Tir à l'arcEmile Grumiaux
0%
1936 LutteEmile Poilvé
0%
1900 VoileEmile Sacré
0%
1900 RugbyEmile Sarrade
0%
1908 MotonautismeEmile Thubron
0%
1920 HaltérophilieErnest Cadine
0%
2020 HandbalLEstelle Nize Minko
0%
1908 Tir à l'arcEugène Grisot
0%
1896 EscrimeEugène Henri Gravelotte
0%
1900 Tir à l'arcEugène Mougin
0%
1908 EscrimeEugène Olivier
0%
2004 VoileFaustine Merret
0%
1920 CyclismeFernand Canteloube
0%
1948 CyclismeFernand Decanali
0%
1932 EscrimeFernand Jourdant
0%
1996 CyclismeFrancis Moreau
0%
1900 RugbyFrantz Reichel
0%
1988 EscrimeFrédéric Delpla
0%
1900 CroquetGaston Aumoitte
0%
1952 AvironGaston Mercier
0%
1912 VoileGaston Thubé
0%
1924 Escrime | 1932 EscrimeGeorges Buchard
0%
1920 CyclismeGeorges Detreille
0%
1900 CroquetGeorges Johin
0%
1924 Water poloGeorges Rigal
0%
1900 CyclismeGeorges Taillandier
0%
1924 Escrime | 1932 EscrimeGeorges Tainturier
0%
1952 Canoë-KayakGeorges Turlier
0%
1924 CyclismeGeorges Wambst
0%
1968 EscrimeGilles Berolatti
0%
1900 GymnastiqueGustave Sandras
0%
1924 EscrimeGuy de Luget
0%
1900 AvironHenri Barrelet
0%
1900 AvironHenri Bouckaert
0%
1924 LutteHenri Deglane
0%
1920 HaltérophilieHenri Gance
0%
1948 EscrimeHenri Guérin
0%
1900 AvironHenri Hazebrouck
0%
1900 Tir à l'arcHenri Hérouin
0%
1924 EscrimeHenri Jobier
0%
1948 EscrimeHenri Lepage
0%
1924 Water poloHenri Padou
0%
1908 EscrimeHerman Georges Berger
0%
1900 RugbyHubert Lefebvre
0%
1980 EscrimeIsabelle Boéri
0%
1912 EquitationJacques Cariou
0%
1924 EscrimeJacques Coutrot
0%
1968 EscrimeJacques Dimont
0%
1948 CyclismeJacques Dupont
0%
1948 Escrime | 1952 EscrimeJacques Lataste
0%
1932 VoileJacques Lebrun
0%
1952 EscrimeJacques Noël
0%
1912 VoileJacques Thubé
0%
1900 AvironJean Cau
0%
2000 AvironJean Christophe Bette
0%
1984 FootballJean Christophe Thouvenel
0%
1968 EscrimeJean Claude Magnan
0%
1900 RugbyJean Collas
0%
1924 CyclismeJean Cugnot
0%
1936 BoxeJean Despeaux
0%
1936 CyclismeJean Goujon
0%
1900 RugbyJean Guy Gautier
0%
1900 RugbyJean Hervé
0%
1968 EquitationJean Jacques Guyon
0%
1952 Canoë-KayakJean Laudet
0%
1928 VoileJean Lesieur
0%
1988 EscrimeJean Michel Henry
0%
1996 CyclismeJean Michel Monin
0%
2000 EscrimeJean Noël Ferrari
0%
1932 EscrimeJean Piot
0%
1948 EquitationJean Saint Fort Paillard
0%
1908 EscrimeJean Stern
0%
1988 VoileJean Yves Le Déroff
0%
1948 Escrime | 1952 EscrimeJehan de Buhan
0%
1948 CyclismeJosé Beyaert
0%
1900 RugbyJoseph Olivier
0%
1924 EscrimeJoseph Perotaux
0%
1920 Tir à l'arcJulien Brulé
0%
2000 AvironLaurent Porchier
0%
1900 RugbyLéon Binoche
0%
1896 CyclismeLéon Flameng
0%
1924 EscrimeLionel Liottel
0%
2000 EscrimeLionel Plumenail
0%
1900 CyclismeLouis Bastien
0%
1932 CyclismeLouis Chaillot
0%
1924 CyclismeLucien Choury
0%
1924 CyclismeLucien Michard
0%
1988 VoileLuc Pillot
0%
1948 EscrimeMarcel Desprets
0%
1920 CyclismeMarcel Gobillot
0%
1976 EquitationMarc Roguet
0%
1912 TennisMarguerite Broquedis
0%
2016 EquitationMathieu Lemoine
0%
1948 EquitationMaurice Buret
0%
1912 TennisMaurice Germot
0%
1948 EscrimeMaurice Huet
0%
1900 TirMaurice Larrouy
0%
1956 CyclismeMaurice Moucheraud
0%
1932 CyclismeMaurice Perrin
0%
1908 CyclismeMaurice Schilles
0%
2000 AvironMichel Andrieux
0%
1948 EscrimeMichel Pécheux
0%
1976 EquitationMichel Roche
0%
1956 CyclismeMichel Rousseau
0%
1956 CyclismeMichel Vermeulin
0%
1988 Voile | 1992 VoileNicolas Hénard
0%
1924 Water poloNoël Delberghe
0%
1988 EscrimeOlivier Lenglet
0%
1984 FootballPatrice Garende
0%
2000 EscrimePatrice Lhôtellier
0%
1984 FootballPatrick Cubaynes
0%
1980 EscrimePatrick Picot
0%
1924 Water poloPaul Dujardin
0%
1920 BoxePaul Fritsch
0%
1896 CyclismePaul Masson
0%
1900 VoilePaul Perquer
0%
1996 CyclismePhilippe Emmenault
0%
1984 TirPhilippe Heberlé
0%
1948 CyclismePierre Adam
0%
1924 TirPierre Coquelin de Lisle
0%
1900 VoilePierre Gervais
0%
1952 AvironRaymond Salles
0%
1932 HaltérophilieRaymond Suvigny
0%
2020 HandbalLRémi Desbonnet
0%
1932 EscrimeRené Bondoux
0%
1932 EscrimeRené Bougnol
0%
1948 EscrimeRené Bougnot
0%
1932 HaltérophilieRené Duvergér
0%
1924 CyclismeRené Hamel
0%
1932 EscrimeRené Lemoine
0%
1936 CyclismeRobert Charpentier
0%
1924 Water poloRobert Desmettre
0%
1936 CyclismeRobert Dorgebray
0%
1928 CyclismeRoger Beaufrand
0%
1900 TirRoger de Barbarin
0%
1928 HaltérophilieRoger François
0%
1936 CyclismeRoger Le Nizerhy
0%
1936 BoxeRoger Michelot
0%
1948 CyclismeSerge Blusson
0%
1972 VoileSerge Maury
0%
2016 EquitationThibaut Vallette
0%
2008 EscrimeUlrich Robeiri
0%
1980 EscrimeVéronique Brouquier
0%
1900 RugbyVictor Lardanchet
0%
1928 VoileVirginie Hériot
0%
1900 RugbyWladimir Aitoff
0%
2000 AvironXavier Dorfman
0%
2000 AvironYves Hocdé
0%
1992 VoileYves Loday
0%

Distribution des résultats

Percentile par nombre de réponses

% des personnes avec chaque résultat

Votre développement - résultats

Vous n’avez pas pris ce quiz